000 00493nam a22001457a 4500
082 _a004
100 _aJavaid, Anum
245 _aAnalysis of In-Application Advertisements for Safeguarding Android users from Embedded Adware /
_cAnum Javaid
260 _aIslamabad :
_bMCS - NUST,
_c2016.
300 _a125 p. ;
_c30cm.
650 _aInformation Technology-MS-Thesis
_916355
700 _aDr. Imran Rashid
_935026
942 _2ddc
_cTHE
999 _c540845
_d540845